| 000 | 01860nam a22001457a 4500 | ||
|---|---|---|---|
| 999 |
_c532010 _d532010 |
||
| 008 | 251125b ||||| |||| 00| 0 eng d | ||
| 100 |
_aChakrabarty, Arindam and Singh, Anil Kumar _957992 |
||
| 245 | _aImprovising the start-up ecosystem for fostering entrepreneurial society in India: Strategic positioning on global yardsticks and policy prescriptions | ||
| 260 | _aIndian Journal of Public Administration | ||
| 300 | _a71(3), Sep, 2025: p.448-462 | ||
| 520 | _aExperimentation with socialist and capitalist forms of the economy has resulted in limited notions of inclusive growth and holistic development. In the current state of global economic affairs, no country can act as the sole provider of all the expectations and aspirations of its countrymen from its limited fiscal health. It is evident that new entrepreneurial ventures are evolving as start-ups or unicorns that are ideally built on a knowledge-driven economy. Start-ups create new-generation products or services that essentially elevate the quality of life and, in the process, generate employment opportunities for young brigades of a state. High-income countries accelerate economic growth by reinforcing a strong entrepreneurial society. A highly populous and transforming economy such as India is expected to foster start-up ecosystems to incubate numerous transformative and sustainable unicorns. This study explores the competitive positioning of Indian start-up ecosystems and the prescriptions of policy reforms for India, consistent with global yardsticks.- Reproduced https://journals.sagepub.com/doi/full/10.1177/00195561251367609 | ||
| 650 |
_aSocialist and capitalist forms of economy, Limited fiscal health, Start-up ecosystem, Fostering entrepreneurial society, Quality of life, India. _957993 |
||
| 773 | _aIndian Journal of Public Administration | ||
| 942 | _cAR | ||